Financial management / (Record no. 345091)

000 -LEADER
fixed length control field 00594 a2200181 4500
020 ## - INTERNATIONAL STANDARD BOOK NUMBER
International Standard Book Number 0065024702
020 ## - INTERNATIONAL STANDARD BOOK NUMBER
International Standard Book Number 9780065024708
082 04 - DEWEY DECIMAL CLASSIFICATION NUMBER
Classification number 332
090 ## - LOCALLY ASSIGNED LC-TYPE CALL NUMBER (OCLC); LOCAL CALL NUMBER (RLIN)
-- 2597
-- 2597
100 1# - MAIN ENTRY--PERSONAL NAME
Personal name Pinches, George E.
245 10 - TITLE STATEMENT
Title Financial management /
Statement of responsibility, etc. George E. Pinches.
260 ## - PUBLICATION, DISTRIBUTION, ETC.
Place of publication, distribution, etc. [S.l.] :
Name of publisher, distributor, etc. Addison-Wesley,
Date of publication, distribution, etc. 1999.
300 ## - PHYSICAL DESCRIPTION
Extent 1088 p. ;
Dimensions 24 cm.
500 ## - GENERAL NOTE
General note Hardcover.
856 40 - ELECTRONIC LOCATION AND ACCESS
Materials specified Amazon.com
Uniform Resource Identifier <a href="http://www.amazon.com/exec/obidos/ASIN/0065024702/chopaconline-20">http://www.amazon.com/exec/obidos/ASIN/0065024702/chopaconline-20</a>
856 40 - ELECTRONIC LOCATION AND ACCESS
Materials specified Amazon customer reviews
Uniform Resource Identifier <a href="http://www.chopac.org/cgi-bin/tools/azrev.pl?q=0065024702">http://www.chopac.org/cgi-bin/tools/azrev.pl?q=0065024702</a>
942 ## - ADDED ENTRY ELEMENTS (KOHA)
Institution code [OBSOLETE] NBS
Koha item type Book
Call number prefix 658.15 PIN
Holdings
Withdrawn status Lost status Damaged status Not for loan Permanent Location Current Location Date acquired Total Checkouts Full call number Barcode Date last seen Price effective from Koha item type Source of classification or shelving scheme Shelving location
            08/09/2018       08/09/2018 08/09/2018 Book    
        Central Library (CL) Central Library (CL) 08/28/2013   658.15 PIN NBS897 08/28/2013 08/28/2013 Book    
        Central Library (CL) Central Library (CL) 09/14/2019   658.15 NBS2642 09/14/2019 09/14/2019 Book   Management Sciences
© 2023 Central Library, National University of Sciences and Technology. All Rights Reserved.